000 00740nam a2200289Ia 4500
005 20260324114029.0
008 008 260324s9999 xx 000 0 eng d
020 _a9781003437598
037 _aEBOOK
040 _aCRL
040 _beng
040 _cCRL
041 _2eng
041 _aeng
084 _qCRL
100 _aSusan M. Campbell; Calley Stevens Taylor; Mike Dial
_91149151
245 0 _aAcademic Advising Administration
245 0 _bEssential Knowledge and Skills for the 21st Century
260 _bTaylor and Francis
260 _c2023
365 _a
365 _b230
856 _uhttp://www.taylorfrancis.com/books/9781003437598
942 _cEBOOK
999 _c1739117
_d1739117